书目信息 |
| 题名: |
汉代琅华照寒烟
|
|
| 作者: | 白华 著 | |
| 分册: | ||
| 出版信息: | 北京 石油工业出版社 2018 |
|
| 页数: | 202页 | |
| 开本: | 21cm | |
| 丛书名: | 阅读大中国 | |
| 单 册: | ||
| 中图分类: | I207.2 | |
| 科图分类: | ||
| 主题词: | 汉赋--han fu--诗歌欣赏 | |
| 电子资源: | ||
| ISBN: | 978-7-5183-2169-8 | |
| 000 | 00862nam 2200289 450 | |
| 001 | 012001007379 | |
| 005 | 20191023151349.85 | |
| 010 | @a978-7-5183-2169-8@dCNY28.00 | |
| 099 | @aCAL 012018050860 | |
| 100 | @a20180505d2018 em y0chiy50 ea | |
| 101 | 0 | @achi |
| 102 | @aCN@b110000 | |
| 105 | @ay z 000yy | |
| 106 | @ar | |
| 200 | 1 | @a汉代琅华照寒烟@Ahan dai lang hua zhao han yan@f白华著 |
| 205 | @a第2版 | |
| 210 | @a北京@c石油工业出版社@d2018 | |
| 215 | @a202页@d21cm | |
| 225 | 2 | @a阅读大中国@Ayue du da zhong guo |
| 300 | @a唯美典藏版 | |
| 330 | @a本书主要内容包括:最是那一往情深;百般相思难收鞘;红尘妖娆惹人怜;饮酒求仙乐逍遥等。 | |
| 410 | 0 | @12001 @a阅读大中国 |
| 606 | 0 | @a汉赋@Ahan fu@x诗歌欣赏 |
| 690 | @aI207.2@v5 | |
| 701 | 0 | @a白华@Abai hua@4著 |
| 801 | 2 | @aCN@b上海新华@c20191020 |
| 905 | @b1133314-7@dI207.2@e1179=2@f4 | |
| 汉代琅华照寒烟/白华著.-第2版.-北京:石油工业出版社,2018 |
| 202页;21cm.-(阅读大中国) |
| 唯美典藏版 |
| ISBN 978-7-5183-2169-8:CNY28.00 |
| 本书主要内容包括:最是那一往情深;百般相思难收鞘;红尘妖娆惹人怜;饮酒求仙乐逍遥等。 |
| ● |
| 相关链接 |
|
|
|
|
正题名:汉代琅华照寒烟
索取号:I207.2/1179=2
 
预约/预借
| 序号 | 登录号 | 条形码 | 馆藏地/架位号 | 状态 | 备注 |
| 1 | 1133314 | 211333145 | 第一样本阅览室/ [索取号:I207.2/1179=2] | 在馆 | |
| 2 | 1133315 | 211333154 | 第二借阅区/ [索取号:I207.2/1179=2] | 在馆 | |
| 3 | 1133316 | 211333163 | 第二借阅区/ [索取号:I207.2/1179=2] | 在馆 | |
| 4 | 1133317 | 211333172 | 第二借阅区/ [索取号:I207.2/1179=2] | 在馆 |